000 00748nam a22002537a 4500
003 OSt
005 20160429103021.0
008 160214b xxu||||| |||| 00| 0 eng d
020 _a9789715694988
040 _cLIC
082 _22012
_aDFil 512
_bAl39
245 _aAlgebra/
_cAbao, Zenon ...[and 6 more].
250 _aSecond Edition
260 _aMakati City:
_bBookmark, Inc.,
_c©2012.
300 _a271 pages:
_billustrations;
_c26 cm.
650 0 _92894
_aAlgebra
700 _92900
_aEncarnacion, John Antonio
700 _92901
_aGallinguez, Thelma M.
700 _92902
_aGuhao, Eugenio S.
700 _92903
_aLundag, Leah Martin
700 _92904
_aMaribbay, Jose B.
700 _92905
_aVictoria, Maria Redina M.
942 _2ddc
_cDFIL
999 _c1067
_d1067